2024-25 EFL League Two Table - Statistics

General Stats
  • This quiz has been taken 42 times
  • The average score is 19 of 24
Answer Stats
Place Points Team % Correct
23 42 Carlisle United
94%
6 72 Notts County
94%
2 80 Port Vale
91%
5 73 AFC Wimbledon
88%
4 77 Walsall
88%
7 70 Chesterfield
85%
10 67 Colchester United
85%
1 84 Doncaster Rovers
85%
22 49 Newport County
85%
21 50 Accrington Stanley
82%
3 78 Bradford City
82%
24 36 Morecambe
82%
13 62 Crewe Alexandra
79%
17 58 Gillingham
79%
8 69 Salford City
79%
20 51 Tranmere Rovers
79%
11 66 Bromley
76%
9 68 Grimsby Town
76%
18 53 Harrogate Town
74%
19 52 Milton Keynes Dons
74%
14 60 Fleetwood Town
71%
12 62 Swindon Town
68%
15 60 Cheltenham Town
65%
16 59 Barrow
59%
No matching quizzes found
Score Distribution
Percent of People with Each Score
Percentile by Number Answered
Your Score History
You have not taken this quiz